00341nam a2200133Ia 4500008004100000020001500041041001200056082002200068100001600090245004800106260002900154300000800183650001600191221030s9999 xx 000 0 und d a8176563587 aEnglish a105.23bKanethkar aY. Kanetkar 0aUnderstanding Pointers in Ccby Y. Kanetkar bBPB PubaNew Delhic2002 a501 aBE Computer